[Event "Open Portugal 2019"]
[Site "Lisboa POR"]
[Date "2019.02.07"]
[Round "7.27"]
[White "Fidalgo, André"]
[Black "Pantzar, Milton"]
[Result "0-1"]
[WhiteElo "2204"]
[BlackElo "2331"]
[WhiteFideId "1933620"]
[BlackFideId "1721003"]
[WhiteTitle "NM"]
[BlackTitle "FM"]
[WhiteCountry "POR"]
[BlackCountry "SWE"]
[PlyCount "62"]
[EventDate "2019.??.??"]

1. d4 Nf6 2. c4 e6 3. Nf3 d5 4. g3 c6 5. Qc2 Nbd7 6. Bg2 Be7 7. O-O O-O 8. Nbd2
b6 9. e4 Bb7 10. e5 Ne8 11. b3 c5 12. Bb2 Rc8 13. dxc5 Nxc5 14. Rfd1 Qc7 15.
Rac1 Qb8 16. Qb1 Qa8 17. Nd4 Nc7 18. h4 Rfd8 19. cxd5 Bxd5 20. Bxd5 Nxd5 21. Nc4
a6 22. a3 Bf8 23. b4 Na4 24. b5 axb5 25. Nxb5 Rxc4 26. Rxc4 Nxb2 27. Nc7 Qxa3
28. Rxd5 Rxd5 29. Nxd5 Nxc4 30. Nxb6 Nxb6 31. Qxb6 Qa1+ 0-1

[Event "Open Portugal 2019"]
[Site "Lisboa POR"]
[Date "2019.02.07"]
[Round "7.28"]
[White "Pastar, Slaven"]
[Black "Santos, José Gulherme"]
[Result "1-0"]
[WhiteElo "2330"]
[BlackElo "2191"]
[WhiteFideId "14402718"]
[BlackFideId "1939300"]
[WhiteTitle "FM"]
[WhiteCountry "BIH"]
[BlackCountry "POR"]
[PlyCount "87"]
[EventDate "2019.??.??"]

1. c4 Nf6 2. Nc3 e6 3. d4 Bb4 4. e3 d5 5. cxd5 exd5 6. Bd3 O-O 7. Nge2 Re8 8.
O-O c6 9. Bd2 Bd6 10. f3 b5 11. Rc1 a5 12. Qe1 Ba6 13. Nd1 b4 14. Bxa6 Rxa6 15.
Qh4 Nbd7 16. Nf2 Qe7 17. Nd3 c5 18. dxc5 Nxc5 19. Nxc5 Bxc5 20. Nd4 Qa7 21. Rc2
Nd7 22. Rfc1 Rh6 23. Qf2 Qb8 24. g3 Bb6 25. Qf1 Ne5 26. b3 Rd6 27. Kg2 Bxd4 28.
exd4 Ng6 29. Rc5 Rde6 30. Re1 Qd8 31. Rxe6 fxe6 32. h4 h6 33. h5 Nf8 34. Qd3 Nd7
35. Rb5 Nf6 36. Qg6 Kf8 37. Bf4 Nd7 38. Bd6+ Kg8 39. Rb7 Qc8 40. Rc7 Qd8 41. g4
Kh8 42. Qf7 Rf8 43. Bxf8 Qxc7 44. Qxg7# 1-0

[Event "Open Portugal 2019"]
[Site "Lisboa POR"]
[Date "2019.02.07"]
[Round "7.29"]
[White "Gu, Xiaobing"]
[Black "Maisuradze, Nino"]
[Result "1-0"]
[WhiteElo "2326"]
[BlackElo "2186"]
[WhiteFideId "8602611"]
[BlackFideId "13601717"]
[WhiteTitle "WGM"]
[BlackTitle "WGM"]
[WhiteCountry "CHN"]
[BlackCountry "FRA"]
[PlyCount "55"]
[EventDate "2019.??.??"]

1. e4 c5 2. Nf3 Nc6 3. Bb5 g6 4. Bxc6 bxc6 5. O-O Bg7 6. Re1 Nh6 7. d3 O-O 8. h3
f5 9. e5 Nf7 10. Na3 d6 11. Bf4 h6 12. h4 Qc7 13. Nc4 d5 14. e6 Nd6 15. Nce5 Rf6
16. Nf7 Rxe6 17. Nxh6+ Bxh6 18. Bxh6 Rxe1+ 19. Qxe1 Nf7 20. Be3 d4 21. Bg5 Kf8
22. Qe2 Ba6 23. Re1 Re8 24. h5 gxh5 25. Qe6 Qd6 26. Qxf5 Bc8 27. Qh7 e5 28. Nh4
1-0

[Event "Open Portugal 2019"]
[Site "Lisboa POR"]
[Date "2019.02.07"]
[Round "7.30"]
[White "Costa, Paulo"]
[Black "Shailesh, Dravid"]
[Result "0-1"]
[WhiteElo "2200"]
[BlackElo "2324"]
[WhiteFideId "1900900"]
[BlackFideId "25017969"]
[WhiteTitle "NM"]
[BlackTitle "FM"]
[WhiteCountry "POR"]
[BlackCountry "IND"]
[PlyCount "82"]
[EventDate "2019.??.??"]

1. d4 Nf6 2. Nf3 g6 3. Bf4 Bg7 4. e3 d6 5. h3 O-O 6. Be2 c5 7. c3 Nc6 8. O-O
cxd4 9. exd4 Be6 10. Nbd2 Qb6 11. Ng5 Qxb2 12. Rb1 Qxc3 13. Nxe6 fxe6 14. Nb3
Ne4 15. Be3 Qb4 16. Qd3 Nc3 17. Bd2 Nxe2+ 18. Qxe2 Nxd4 19. Qg4 Qc4 20. Nxd4
Qxd4 21. Qxe6+ Rf7 22. Be3 Qe5 23. Qxe5 Bxe5 24. Rxb7 a5 25. f4 Bf6 26. Rc1 Rff8
27. a4 Rfc8 28. Rxc8+ Rxc8 29. Bd2 Rc4 30. Rb5 Rxa4 31. Rxa5 Rxa5 32. Bxa5 Kf7
33. Kf2 Ke6 34. Ke3 g5 35. g3 gxf4+ 36. gxf4 Kf5 37. Be1 Bb2 38. Bh4 Bc1+ 39.
Kf3 e6 40. Bg5 d5 41. Bh6 e5 0-1

[Event "Open Portugal 2019"]
[Site "Lisboa POR"]
[Date "2019.02.07"]
[Round "7.31"]
[White "Godzwon, Iwo"]
[Black "Dias, Ricardo"]
[Result "1-0"]
[WhiteElo "2322"]
[BlackElo "2128"]
[WhiteFideId "21802483"]
[BlackFideId "1930060"]
[WhiteTitle "FM"]
[WhiteCountry "POL"]
[BlackCountry "POR"]
[PlyCount "119"]
[EventDate "2019.??.??"]

1. e4 e5 2. Nf3 Nc6 3. Bb5 a6 4. Ba4 Nf6 5. O-O Be7 6. Re1 b5 7. Bb3 O-O 8. h3
Bb7 9. d3 d6 10. a3 Qd7 11. Nbd2 Nd8 12. Nf1 h6 13. Ng3 Re8 14. c3 Bf8 15. Bc2
d5 16. d4 Nxe4 17. Nxe5 Qe6 18. Bf4 f5 19. f3 Nxg3 20. Bxg3 Nf7 21. Qd3 g6 22.
Re2 Bg7 23. Rae1 Nd6 24. Bf4 Rf8 25. Ng4 Ne4 26. Nxh6+ Kh7 27. fxe4 fxe4 28. Qe3
g5 29. Bxg5 Bxh6 30. Bxh6 Qxh6 31. Qxh6+ Kxh6 32. Rf1 Rxf1+ 33. Kxf1 Re8 34. Rf2
Re7 35. Ke2 Kg5 36. Ke3 Bc8 37. Rf4 Rh7 38. Rf8 Be6 39. Bd1 Rh6 40. Be2 Bd7 41.
Rf7 Rd6 42. Rh7 Kg6 43. Rh8 Kg7 44. Rd8 Kf6 45. g4 Kg5 46. Rh8 Bc6 47. h4+ Kg6
48. g5 Kg7 49. Rc8 Rd7 50. h5 Rf7 51. g6 Re7 52. Kf4 Kf6 53. Rh8 Be8 54. Rf8+
Kg7 55. Rf5 c6 56. Kg5 Bd7 57. h6+ Kg8 58. h7+ Kg7 59. Rf7+ Rxf7 60. gxf7 1-0

[Event "Open Portugal 2019"]
[Site "Lisboa POR"]
[Date "2019.02.07"]
[Round "7.32"]
[White "Li, Yunshan"]
[Black "Napoli, Nicolo"]
[Result "0-1"]
[WhiteElo "2196"]
[BlackElo "2316"]
[WhiteFideId "8607664"]
[BlackFideId "813702"]
[WhiteTitle "WFM"]
[BlackTitle "FM"]
[WhiteCountry "CHN"]
[BlackCountry "ITA"]
[PlyCount "114"]
[EventDate "2019.??.??"]

1. d4 Nf6 2. c4 e6 3. g3 d5 4. Bg2 Be7 5. Nf3 O-O 6. Nc3 dxc4 7. Ne5 Nc6 8. Bxc6
bxc6 9. Nxc6 Qe8 10. Nxe7+ Qxe7 11. Qa4 Bb7 12. O-O Bd5 13. f3 Qd7 14. Qxd7 Nxd7
15. e4 Bb7 16. Bf4 Rac8 17. Nb5 a6 18. Na3 Nb6 19. Rac1 f5 20. exf5 Rxf5 21.
Nxc4 Nxc4 22. Rxc4 g5 23. Be3 Bd5 24. Rc5 h6 25. f4 g4 26. b3 Kf7 27. Rfc1 c6
28. Ra5 Ra8 29. Rcc5 h5 30. Ra4 Be4 31. Rxf5+ exf5 32. Rb4 Ke6 33. Rb7 Bb1 34.
a3 a5 35. Kf2 Bd3 36. Bd2 Bc2 37. Bc3 Kd6 38. b4 axb4 39. Bxb4+ Kd5 40. Rd7+ Kc4
41. Rd6 Be4 42. Rd7 Kd3 43. Ke1 Bf3 44. Rf7 Re8+ 45. Re7 Rh8 46. Kf2 Be4 47. Bd6
h4 48. gxh4 Rxh4 49. Rb7 Rxh2+ 50. Kg1 Ra2 51. Kf1 Bd5 52. Re7 g3 53. Bb4 Bg2+
54. Kg1 Be4 55. Be1 Ra1 56. Kf1 g2+ 57. Kf2 Rxe1 0-1

[Event "Open Portugal 2019"]
[Site "Lisboa POR"]
[Date "2019.02.07"]
[Round "7.33"]
[White "Bartel, Michal"]
[Black "Leão, Tiago"]
[Result "1-0"]
[WhiteElo "2306"]
[BlackElo "2084"]
[WhiteFideId "1119257"]
[BlackFideId "1925563"]
[WhiteTitle "FM"]
[WhiteCountry "POL"]
[BlackCountry "POR"]
[PlyCount "73"]
[EventDate "2019.??.??"]

1. e4 c5 2. Ne2 d6 3. g3 Nc6 4. Bg2 e6 5. O-O Be7 6. c3 Nf6 7. d4 cxd4 8. cxd4
d5 9. e5 Nd7 10. Nbc3 a6 11. Be3 b5 12. Rc1 Bb7 13. f4 Nb6 14. b3 b4 15. Nb1 f5
16. exf6 Bxf6 17. Nd2 Nc8 18. g4 Nd6 19. Nf3 O-O 20. Ng3 g6 21. Ne5 Rc8 22. Rf2
Nb5 23. Qd3 Nxe5 24. dxe5 Rxc1+ 25. Bxc1 Bg7 26. Ne2 Qh4 27. h3 Rc8 28. Bd2 Bf8
29. Rf1 Qe7 30. f5 gxf5 31. gxf5 Qc5+ 32. Kh1 Qc2 33. Qg3+ Kh8 34. Bg5 Bg7 35.
f6 Qxe2 36. fxg7+ Kg8 37. Qf4 1-0

[Event "Open Portugal 2019"]
[Site "Lisboa POR"]
[Date "2019.02.07"]
[Round "7.34"]
[White "Chylewski, Patryk"]
[Black "Roque, Armando"]
[Result "1-0"]
[WhiteElo "2304"]
[BlackElo "1946"]
[WhiteFideId "1186191"]
[BlackFideId "1939149"]
[WhiteTitle "FM"]
[WhiteCountry "POL"]
[BlackCountry "POR"]
[PlyCount "105"]
[EventDate "2019.??.??"]

1. d4 Nf6 2. c4 g6 3. Nc3 d5 4. Bf4 Bg7 5. Rc1 c6 6. e3 O-O 7. Nf3 Nbd7 8. h3
dxc4 9. Bxc4 Nb6 10. Bd3 Nbd5 11. Bh2 Qa5 12. Qa4 Qxa4 13. Nxa4 Nb6 14. Nc5 Nfd7
15. Nxd7 Bxd7 16. O-O Be6 17. a3 h6 18. Rfd1 Rfd8 19. Nd2 Na4 20. Rc2 Nb6 21.
Rdc1 Rac8 22. Ne4 Nd7 23. b4 a6 24. Nc5 Nxc5 25. bxc5 Ra8 26. Rb1 Bc8 27. Rd2 e5
28. Bc4 exd4 29. exd4 Rxd4 30. Rxd4 Bxd4 31. Bd6 Bf6 32. Kh2 Kg7 33. f4 h5 34.
g4 hxg4 35. hxg4 g5 36. Kg3 Kg6 37. Kf3 gxf4 38. Bd3+ Kg7 39. Kxf4 Bd4 40. Bc4
f6 41. Re1 Be5+ 42. Bxe5 fxe5+ 43. Rxe5 Kf8 44. Rg5 Ke7 45. Rg8 Kd7 46. g5 Kc7
47. g6 b6 48. cxb6+ Kxb6 49. Rf8 Be6 50. Rxa8 Bxc4 51. Ke3 Ka5 52. Kd4 Bd5 53.
Kc5 1-0

[Event "Open Portugal 2019"]
[Site "Lisboa POR"]
[Date "2019.02.07"]
[Round "7.35"]
[White "Martín Duque, Jesus"]
[Black "Tscharotschkin, Michael"]
[Result "1/2-1/2"]
[WhiteElo "2393"]
[BlackElo "2178"]
[WhiteFideId "2208954"]
[BlackFideId "4619510"]
[WhiteTitle "FM"]
[WhiteCountry "ESP"]
[BlackCountry "GER"]
[PlyCount "68"]
[EventDate "2019.??.??"]

1. e4 e6 2. d4 d5 3. Nc3 Bb4 4. e5 c5 5. a3 Bxc3+ 6. bxc3 Ne7 7. Qg4 Qc7 8. Qxg7
Rg8 9. Qxh7 cxd4 10. Ne2 Nbc6 11. f4 Bd7 12. Qd3 dxc3 13. h4 O-O-O 14. h5 d4 15.
h6 Kb8 16. h7 Rh8 17. Rb1 Bc8 18. g4 b6 19. Bg2 Bb7 20. Be4 Ng6 21. Qf3 d3 22.
cxd3 Ncxe5 23. fxe5 Nxe5 24. Qf4 Bxe4 25. Qxe4 Nxd3+ 26. Kf1 c2 27. Ra1 f5 28.
gxf5 exf5 29. Qh4 Nxc1 30. Rxc1 Rd1+ 31. Kf2 Qc5+ 32. Kg2 Qd5+ 33. Kf2 Qc5+ 34.
Kg2 Qd5+ 1/2-1/2

[Event "Open Portugal 2019"]
[Site "Lisboa POR"]
[Date "2019.02.07"]
[Round "7.37"]
[White "Chingüün, Sumiya"]
[Black "Terryn, Ezra"]
[Result "1-0"]
[WhiteElo "2286"]
[BlackElo "2116"]
[WhiteFideId "4902572"]
[BlackFideId "233196"]
[WhiteCountry "MGL"]
[BlackCountry "BEL"]
[PlyCount "59"]
[EventDate "2019.??.??"]

1. e4 c5 2. Nf3 e6 3. d4 cxd4 4. Nxd4 Nc6 5. Nc3 Qc7 6. Be3 a6 7. a3 b5 8. Nxc6
Qxc6 9. Qf3 Bb7 10. Bd3 Nf6 11. O-O Bc5 12. Rfe1 Bxe3 13. Rxe3 O-O 14. Qh3 e5
15. Nd5 Qe6 16. Nxf6+ Qxf6 17. Qxd7 Bc8 18. Qc7 Bg4 19. h3 Rfc8 20. Qa5 Be6 21.
a4 Bc4 22. axb5 Bxd3 23. Rxd3 Rxc2 24. Rd2 Rc5 25. b4 Rc3 26. bxa6 h6 27. b5
Rac8 28. a7 Rc1+ 29. Rd1 R1c2 30. Rf1 1-0

[Event "Open Portugal 2019"]
[Site "Lisboa POR"]
[Date "2019.02.07"]
[Round "7.38"]
[White "Risting, Eivind Olav"]
[Black "Pirola, Claudionor"]
[Result "1-0"]
[WhiteElo "2282"]
[BlackElo "2113"]
[WhiteFideId "1517333"]
[BlackFideId "2130556"]
[WhiteTitle "FM"]
[WhiteCountry "NOR"]
[BlackCountry "BRA"]
[PlyCount "65"]
[EventDate "2019.??.??"]

1. d4 Nf6 2. c4 g6 3. Nc3 d5 4. Nf3 Bg7 5. Qb3 dxc4 6. Qxc4 a6 7. Bf4 c6 8. e4
b5 9. Qd3 O-O 10. Be2 c5 11. dxc5 Bb7 12. Rd1 Qxd3 13. Bxd3 b4 14. Na4 Bxe4 15.
Bxe4 Nxe4 16. Be5 f6 17. Bxb8 Raxb8 18. Nd4 Rfc8 19. Nb3 e5 20. f3 Ng5 21. Ke2
Bf8 22. Nb6 Rc6 23. Nd7 Rb5 24. Nxf8 Kxf8 25. Rd8+ Ke7 26. Rhd1 Rc7 27. Rh8 Nf7
28. Ra8 a5 29. Rc1 Nd8 30. Rxa5 Rxa5 31. Nxa5 Ra7 32. c6 Ne6 33. c7 1-0

[Event "Open Portugal 2019"]
[Site "Lisboa POR"]
[Date "2019.02.07"]
[Round "7.39"]
[White "Pacan-Milej, Kosma"]
[Black "Barbier, Wim"]
[Result "1-0"]
[WhiteElo "2273"]
[BlackElo "2086"]
[WhiteFideId "21800537"]
[BlackFideId "202100"]
[WhiteTitle "FM"]
[WhiteCountry "POL"]
[BlackCountry "BEL"]
[PlyCount "67"]
[EventDate "2019.??.??"]

1. d4 d6 2. Nf3 Nf6 3. c4 Nbd7 4. Nc3 e5 5. Bg5 c6 6. e3 Be7 7. Qc2 Qc7 8. Be2
O-O 9. O-O Re8 10. Rfd1 Nf8 11. b4 a5 12. b5 Bg4 13. bxc6 bxc6 14. h3 Bxf3 15.
Bxf3 Rac8 16. Qa4 Ne6 17. Bh4 exd4 18. exd4 c5 19. Nb5 Qb6 20. Rab1 cxd4 21.
Nxd4 Qd8 22. Nc6 Qd7 23. Qb5 Qc7 24. Qxa5 Qxa5 25. Nxa5 Rc5 26. Rb5 Rec8 27. Bg3
Ne8 28. Bb7 R8c7 29. Bd5 Rc8 30. Nb7 R5c7 31. a4 Nc5 32. Nxc5 Rxc5 33. a5 Nf6
34. Bb7 1-0

[Event "Open Portugal 2019"]
[Site "Lisboa POR"]
[Date "2019.02.07"]
[Round "7.40"]
[White "Eggert, Alberto"]
[Black "Bubalovic, Davorin"]
[Result "1/2-1/2"]
[WhiteElo "2132"]
[BlackElo "2249"]
[WhiteFideId "4139500"]
[BlackFideId "14500515"]
[BlackTitle "FM"]
[WhiteCountry "RUS"]
[BlackCountry "CRO"]
[PlyCount "93"]
[EventDate "2019.??.??"]

1. d4 Nf6 2. c4 g6 3. Nc3 Bg7 4. e4 d6 5. Nge2 O-O 6. Ng3 Nbd7 7. Be2 h5 8. h3
Re8 9. Bg5 Nf8 10. Be3 Ne6 11. e5 Nd7 12. f4 c5 13. f5 Nxd4 14. e6 fxe6 15. fxg6
Nf6 16. O-O h4 17. Nge4 Nf5 18. Bf2 Bh6 19. Bd3 Rf8 20. Nxf6+ Rxf6 21. Qh5 Kg7
22. Bxh4 Rxg6 23. Bxf5 exf5 24. Rae1 Be6 25. Nd5 Qh8 26. Kh1 Bd2 27. Qxg6+ Kxg6
28. Rxe6+ Kg7 29. Rxe7+ Kg6 30. Re6+ Kf7 31. Rf6+ Ke8 32. R1xf5 Rc8 33. Re6+ Kd7
34. Re7+ Kc6 35. Rff7 Ba5 36. Be1 Bd8 37. Rxb7 Qd4 38. b3 Qd1 39. Rxa7 Qxe1+ 40.
Kh2 Qe5+ 41. Kg1 Qe1+ 42. Rf1 Qe6 43. Rff7 Qe1+ 44. Rf1 Qe6 45. Rff7 Qe1+ Rf1
Qe6 46. Rff7 Qe6 1/2-1/2

[Event "Open Portugal 2019"]
[Site "Lisboa POR"]
[Date "2019.02.07"]
[Round "7.41"]
[White "Maloberti, David"]
[Black "Hernandez Munoz, Antonio Ramon"]
[Result "1-0"]
[WhiteElo "2121"]
[BlackElo "2249"]
[WhiteFideId "620149"]
[BlackFideId "22241280"]
[WhiteCountry "FRA"]
[BlackCountry "ESP"]
[PlyCount "95"]
[EventDate "2019.02.02"]

1. d4 d5 2. c4 c6 3. Nf3 Nf6 4. Nc3 e6 5. Bg5 dxc4 6. e4 b5 7. e5 h6 8. Bh4 g5
9. Nxg5 hxg5 10. Bxg5 Nbd7 11. exf6 Bb7 12. g3 Qb6 13. Bg2 O-O-O 14. O-O Ne5 15.
a4 b4 16. a5 Qa6 17. Qe2 Nd3 18. Ne4 Rxd4 19. Be3 Rd7 20. h4 c5 21. Rfd1 Bc6 22.
Rd2 Qb7 23. a6 Qa8 24. f3 Qb8 25. f4 Qa8 26. Ng5 Bd6 27. Rc2 Bxg2 28. Qxg2 Qxg2+
29. Kxg2 e5 30. f5 e4 31. Nxe4 Re8 32. Rxc4 Nxb2 33. Nxd6+ Rxd6 34. Rxc5+ Kd7
35. Bf4 Rc6 36. Rac1 Re2+ 37. Kf3 Rf2+ 38. Ke3 Rxc5 39. Rxc5 Nd1+ 40. Kd3 b3 41.
Rc7+ Kd8 42. Rxa7 Ra2 43. Rb7 b2 44. Kc2 Ra1 45. a7 Nc3 46. Kxb2 Kc8 47. Rb8+
Kd7 48. Kxa1 1-0

[Event "Open Portugal 2019"]
[Site "Lisboa POR"]
[Date "2019.02.07"]
[Round "7.42"]
[White "Huse, Sigurd"]
[Black "Nordquelle, Daniel"]
[Result "1-0"]
[WhiteElo "2080"]
[BlackElo "2235"]
[WhiteFideId "1520717"]
[BlackFideId "1519042"]
[BlackTitle "FM"]
[WhiteCountry "NOR"]
[BlackCountry "NOR"]
[PlyCount "57"]
[EventDate "2019.02.02"]

1. e4 c5 2. Nf3 d6 3. Bb5+ Nd7 4. O-O a6 5. Bd3 Ngf6 6. c3 b5 7. Bc2 Bb7 8. Re1
c4 9. a4 Nc5 10. axb5 axb5 11. Rxa8 Qxa8 12. d3 cxd3 13. Bxd3 Nxd3 14. Qxd3 Bxe4
15. Qxb5+ Bc6 16. Qd3 e6 17. Bg5 Ne4 18. Bh4 g5 19. Bg3 h5 20. Nbd2 Nxd2 21.
Nxd2 Bxg2 22. f3 Bh3 23. Qd4 Rg8 24. Ne4 Be7 25. Bxd6 Bf5 26. Bxe7 Bxe4 27. Bc5
Bf5 28. Rd1 e5 29. Qd6 1-0

[Event "Open Portugal 2019"]
[Site "Lisboa POR"]
[Date "2019.02.07"]
[Round "7.43"]
[White "Corbalán Gómez, Juan José"]
[Black "Harshal, Shahi"]
[Result "1/2-1/2"]
[WhiteElo "2235"]
[BlackElo "2064"]
[WhiteFideId "2260492"]
[BlackFideId "5048257"]
[BlackTitle "FM"]
[WhiteCountry "ESP"]
[BlackCountry "IND"]
[PlyCount "35"]
[EventDate "2019.02.02"]

1. d4 d5 2. Nf3 Nf6 3. c4 c6 4. e3 e6 5. Nc3 Nbd7 6. Bd3 dxc4 7. Bxc4 b5 8. Bd3
Bd6 9. O-O O-O 10. Qe2 a6 11. Rd1 Qc7 12. Ne4 Nxe4 13. Bxe4 Bb7 14. Bd2 Nf6 15.
Bd3 c5 16. dxc5 Bxf3 17. Qxf3 Bxh2+ 18. Kh1 1/2-1/2

[Event "Open Portugal 2019"]
[Site "Lisboa POR"]
[Date "2019.02.07"]
[Round "7.44"]
[White "Fossan, Aleksander"]
[Black "Pietruszewski, Marcin"]
[Result "1/2-1/2"]
[WhiteElo "2040"]
[BlackElo "2226"]
[WhiteFideId "1519794"]
[BlackFideId "1170295"]
[WhiteCountry "NOR"]
[BlackCountry "POL"]
[PlyCount "49"]
[EventDate "2019.02.02"]
[Annotator "inc."]

1. e4 c5 2. c3 Nf6 3. e5 Nd5 4. d4 cxd4 5. Nf3 e6 6. cxd4 d6 7. Bc4 Be7 8. O-O
O-O 9. Re1 b6 10. Bxd5 exd5 11. Nc3 Bb7 12. Bf4 Na6 13. Qe2 dxe5 14. Nxe5 Bf6
15. Qg4 Re8 16. Nb5 Re7 17. Rac1 Nb4 18. Re3 Nxa2 19. Rce1 Nb4 20. Nd6 Bc8 21.
Qg3 Bd7 22. Bg5 Bxg5 23. Qxg5 f6 24. Qf4 Ba4 25. Ng4 1/2-1/2

[Event "Open Portugal 2019"]
[Site "Lisboa POR"]
[Date "2019.02.07"]
[Round "7.45"]
[White "Garcia Dorado, Alberto"]
[Black "Andias, João"]
[Result "1/2-1/2"]
[WhiteElo "2223"]
[BlackElo "2039"]
[WhiteFideId "2252244"]
[BlackFideId "1900862"]
[WhiteTitle "CM"]
[WhiteCountry "ESP"]
[BlackCountry "POR"]
[PlyCount "73"]
[EventDate "2019.02.02"]

1. d4 Nf6 2. c4 e6 3. g3 d5 4. Nf3 Bb4+ 5. Bd2 Be7 6. Bg2 O-O 7. O-O c6 8. Qc2
b6 9. Bg5 Nbd7 10. Nbd2 Ba6 11. Rfd1 Rc8 12. b3 h6 13. Bxf6 Nxf6 14. e4 Qc7 15.
e5 Nd7 16. Qb2 Qb8 17. Rac1 Rfd8 18. Bf1 Nf8 19. cxd5 Bxf1 20. d6 Bxd6 21. Rxf1
Be7 22. Ne4 Nd7 23. b4 Qb7 24. Nfd2 b5 25. a3 Nb6 26. Nc5 Qb8 27. Nd3 Rd5 28.
Rfe1 Rcd8 29. Nb3 Nc4 30. Qa1 a5 31. Nf4 R5d7 32. Nxa5 Nxa5 33. bxa5 Qa8 34. Ne2
Qxa5 35. Rc3 b4 36. Rxc6 bxa3 37. Rec1 1/2-1/2

[Event "Open Portugal 2019"]
[Site "Lisboa POR"]
[Date "2019.02.07"]
[Round "7.46"]
[White "Darnell, Anton"]
[Black "Real, Thibault"]
[Result "1/2-1/2"]
[WhiteElo "2039"]
[BlackElo "2211"]
[WhiteFideId "1720244"]
[BlackFideId "205559"]
[WhiteCountry "SWE"]
[BlackCountry "BEL"]
[PlyCount "48"]
[EventDate "2019.02.02"]

1. d4 Nf6 2. c4 e6 3. Nc3 Bb4 4. Qc2 O-O 5. a3 Bxc3+ 6. Qxc3 d5 7. Nf3 dxc4 8.
Qxc4 b6 9. Bg5 Ba6 10. Qa4 Qd7 11. Qc2 c5 12. dxc5 Rc8 13. Bxf6 gxf6 14. e3 Bxf1
15. Rxf1 Rxc5 16. Qe2 Qa4 17. Nd4 Qc4 18. Qxc4 Rxc4 19. Ke2 Nc6 20. Nxc6 Rc2+
21. Kd3 Rxc6 22. Rac1 Rd8+ 23. Ke2 Rdc8 24. Rxc6 Rxc6 1/2-1/2

[Event "Open Portugal 2019"]
[Site "Lisboa POR"]
[Date "2019.02.07"]
[Round "7.47"]
[White "Martins, Bruno"]
[Black "Soares, Luís"]
[Result "1-0"]
[WhiteElo "2204"]
[BlackElo "2036"]
[WhiteFideId "1942255"]
[BlackFideId "1904124"]
[WhiteTitle "NM"]
[WhiteCountry "POR"]
[BlackCountry "POR"]
[PlyCount "71"]
[EventDate "2019.02.02"]

1. e4 e6 2. d4 d5 3. Nd2 c5 4. exd5 Qxd5 5. Ngf3 cxd4 6. Bc4 Qd6 7. O-O Nf6 8.
Nb3 Nc6 9. Nbxd4 Nxd4 10. Qxd4 Qxd4 11. Nxd4 Bd7 12. Be2 a6 13. Bf3 O-O-O 14.
Bf4 Bc5 15. Nb3 Bb6 16. c4 Bc7 17. Be3 Kb8 18. Rac1 e5 19. Nc5 Bc8 20. Rc3 b6
21. Rb3 Ka7 22. Na4 Nd7 23. Bc6 Bb7 24. Bxd7 Rxd7 25. c5 Kb8 26. cxb6 Bd6 27.
Bc5 Rhd8 28. h3 Bc6 29. Bxd6+ Rxd6 30. Nc5 Bb7 31. Rc1 Rc6 32. Nxa6+ Ka8 33.
Rxc6 Bxc6 34. Nc5 Bb7 35. Ra3+ Kb8 36. Ra7 1-0

[Event "Open Portugal 2019"]
[Site "Lisboa POR"]
[Date "2019.02.07"]
[Round "7.48"]
[White "Gjestemoen-VonHirsch, André"]
[Black "Nielsen, André"]
[Result "0-1"]
[WhiteElo "2038"]
[BlackElo "2201"]
[WhiteFideId "1539531"]
[BlackFideId "1518240"]
[BlackTitle "FM"]
[WhiteCountry "NOR"]
[BlackCountry "NOR"]
[PlyCount "42"]
[EventDate "2019.02.02"]

1. c4 e5 2. g3 Nf6 3. Bg2 Bc5 4. Nc3 c6 5. e3 d5 6. cxd5 O-O 7. Nge2 cxd5 8. d4
exd4 9. Nxd4 Nc6 10. Nb3 Bb6 11. O-O Bg4 12. f3 Be6 13. Ne2 Rc8 14. Ned4 Re8 15.
Bd2 Ne5 16. Bc3 Nc4 17. Re1 Qd7 18. Qd3 Bh3 19. Nc2 Bf5 20. Qe2 Bxc2 21. Qxc2
Nxe3 0-1

[Event "Open Portugal 2019"]
[Site "Lisboa POR"]
[Date "2019.02.07"]
[Round "7.49"]
[White "Álvarez Serrano, Carlos"]
[Black "Bub, Volker"]
[Result "1-0"]
[WhiteElo "2201"]
[BlackElo "2030"]
[WhiteFideId "22238689"]
[BlackFideId "4618963"]
[WhiteCountry "ESP"]
[BlackCountry "GER"]
[PlyCount "101"]
[EventDate "2019.02.02"]

1. d4 d6 2. c4 f5 3. Nc3 Nf6 4. Bg5 Nbd7 5. h4 c6 6. Qc2 Qa5 7. e3 e6 8. Nh3 Ne4
9. Bd3 Ndf6 10. Bxf6 Nxf6 11. f3 d5 12. Nf4 Bb4 13. a3 dxc4 14. Bxc4 Nd5 15.
Bxd5 cxd5 16. Nd3 Bd6 17. f4 Bd7 18. b4 Qd8 19. Kf2 b6 20. g3 Rc8 21. Qb3 Qe7
22. Rac1 O-O 23. Ne5 Bxe5 24. dxe5 Rc4 25. Nb1 Rfc8 26. Qb2 Ba4 27. Rxc4 Rxc4
28. Rc1 Qc7 29. Rxc4 dxc4 30. Nc3 Bc6 31. b5 Be8 32. Qb4 Bh5 33. e4 fxe4 34. Ke3
Bf3 35. Qd6 Qxd6 36. exd6 Kf7 37. Nxe4 Bxe4 38. Kxe4 Ke8 39. h5 Kd7 40. Kd4 Kxd6
41. Kxc4 Ke7 42. Kd4 Kf6 43. Ke4 Kf7 44. Ke5 Ke7 45. g4 Kd7 46. h6 gxh6 47. Kf6
h5 48. gxh5 Kd6 49. Kg7 Ke7 50. Kxh7 Kf7 51. h6 1-0

[Event "Open Portugal 2019"]
[Site "Lisboa POR"]
[Date "2019.02.07"]
[Round "7.50"]
[White "Ermeni, Avni"]
[Black "Mabille, Natacha"]
[Result "0-1"]
[WhiteElo "2194"]
[BlackElo "1896"]
[WhiteFideId "912840"]
[BlackFideId "218677"]
[WhiteTitle "FM"]
[WhiteCountry "KOS"]
[BlackCountry "BEL"]
[PlyCount "68"]
[EventDate "2019.02.02"]

1. c4 e6 2. Nc3 Nf6 3. e4 d5 4. e5 Nfd7 5. d4 dxc4 6. Bxc4 Nb6 7. Bd3 c5 8. dxc5
Bxc5 9. Nf3 Nc6 10. O-O Nd5 11. Qe2 Nxc3 12. bxc3 b6 13. Bf4 Bb7 14. Rfd1 Qc7
15. Bb5 a6 16. Ba4 b5 17. Bc2 Ne7 18. a4 Nd5 19. Bd2 b4 20. c4 Ne7 21. Ng5 Ng6
22. a5 Qxe5 23. Qh5 O-O-O 24. Re1 Bxf2+ 25. Kh1 Bxe1 26. Rxe1 Bxg2+ 27. Kg1 Qxa5
28. Qe2 Nh4 29. Be4 Bxe4 30. Nxe4 Rxd2 31. Nxd2 Qc5+ 32. Kf1 Rd8 33. Rd1 Nf5 34.
Rc1 Qd4 0-1

[Event "Open Portugal 2019"]
[Site "Lisboa POR"]
[Date "2019.02.07"]
[Round "7.51"]
[White "Gallardo Fernández, César"]
[Black "Taylor, Robert Graham"]
[Result "1-0"]
[WhiteElo "2194"]
[BlackElo "1809"]
[WhiteFideId "2225280"]
[BlackFideId "1800841"]
[WhiteCountry "ESP"]
[BlackCountry "WLS"]
[PlyCount "54"]
[EventDate "2019.02.02"]

1. e4 Nf6 2. Nc3 e5 3. g3 Bc5 4. Bg2 Nc6 5. Nge2 d6 6. O-O a6 7. Nd5 Bg4 8. h3
Bh5 9. c3 Ba7 10. Kh2 Nxd5 11. exd5 Ne7 12. f4 f5 13. g4 fxg4 14. Ng3 Bf7 15.
fxe5 dxe5 16. Qxg4 O-O 17. d4 h5 18. Nxh5 Bxh5 19. Rxf8+ Qxf8 20. Qxh5 exd4 21.
Bg5 Qe8 22. Qg4 dxc3 23. Re1 cxb2 24. Bxe7 b1=Q 25. Qe6+ Kh8 26. Rxb1 Qa4 27.
Rb4 Qxb4 1-0